000 00819am a2200301a 44500
003 AR-BaBNM
005 20251128210758.0
008 041020s1994 #AR|||||||||||000 | spa||
020 _a0-582-74606-x
040 _cAR-BaBNM
100 1 _aScott, Wendy A.
245 1 0 _aTeaching english to children
250 _a1ª ed., 5ª reimpr.
260 _aLondon
_bLongman
_c1994
300 _a115 p.
_btablas, il.
490 0 _aLongman keys to language teaching
650 4 _aENSEÑANZA DE IDIOMAS
650 4 _aPROFESORES DE IDIOMAS
650 4 _aINGLES
650 4 _aLENGUA EXTRANJERA
650 4 _aACTIVIDADES DE APRENDIZAJE
653 _aEDUCACION PRIMARIA
653 _aESTRATEGIAS DIDACTICAS
700 1 _aYtreberg, Lisbeth H.
800 1 _aGrant, Neville
_eeditor
942 _cBK
998 _cRAQUEL
999 _c16863
_d16863